LEADER 01312nam0-2200433---450- 001 990000977360203316 005 20050712141035.0 010 $a88-425-0739-3 035 $a0097736 035 $aUSA010097736 035 $a(ALEPH)000097736USA01 035 $a0097736 100 $a20020222d1990----||ita|01 ba 101 $aita 102 $aIT 105 $a|||| ||||| 200 1 $a<> utopia moderna$fHerbert George Wells$ga cura di Fernando Porta$g[traduzione dall'inglese di Fernando Porta e Anna Notaro] 210 $aMilano$cMursia$d1990 215 $a336 p$d22 cm 225 $aSortilegi 410 1$12001$aSortilegi 606 0 $aUtopia$xSaggi 676 $a321.07 676 $a321.07 700 1$aWELLS,$bHerbert George$0184654 702 1$aPORTA,$bFernando 801 0$aIT$bsalbc$gISBD 912 $a990000977360203316 951 $aVII.3.A. 1461(II i A 901)$b104593 LM$cII i A 951 $aVII.3.A. 1461b(II i A 901 BIS)$b104594 LM$cII i A 951 $aVII.3.A. 1461a(II i A 901 A)$b104595 LM$cII i A 959 $aBK 969 $aUMA 979 $aPATTY$b90$c20020222$lUSA01$h1344 979 $c20020403$lUSA01$h1740 979 $aPATRY$b90$c20040406$lUSA01$h1707 979 $aCOPAT3$b90$c20050712$lUSA01$h1410 996 $aUtopia moderna$9972384 997 $aUNISA